000 01587nam a2200349 i 4500
001 000004823
003 DO-SdBNP
005 20260527074041.0
007 ta
008 090727s1989 dr a r 000 0 spa d
040 _aDO-SdBNP
_bspa
_cBNPHU
_erda
082 _a321.8
_bN779a
_222
100 1 _aNohlen, Dieter
_eautor
_914003
245 1 0 _aApuntes sobre democracia y representatividad en el sistema electoral dominicano /
_cDieter Nohlen, Grupo de Investigación Heidelberg.
264 _aSanto Domingo :
_bUniversidad APEC :
_bFundación Friedrich Ebert, :
_c1989.
300 _a65 páginas :
_bilustraciones ;
_c23 cm.
336 _ardacontent
_btexto
_2txt
337 _ardamedia
_bsin mediación
_2n
338 _ardacarrier
_bvolumen
_2nc
500 _aSíntesis de los documentos presentados en una serie de conversaciones en relación con la democracia y la representación en el sistema electoral, celebrada 9 de junio de 1987 y patrocinado por la Universidad APEC y la Fundación Friedrich Ebert. Discurso reproducido en su totalidad por Dieter Nohlen.
504 _aBibliografía : p. 57
590 _aInventariado, 2018/LP
650 0 _aDemocracia
_9286
650 4 _aGobierno representativo
_zRepública Dominicana
_914004
650 4 _aElecciones
_zRepública Dominicana
_92992
650 0 _aSufragio
_96413
650 0 _aPartidos políticos
_zRepública Dominicana
_9285
710 2 _aAcción Pró Educación y Cultura (República Dominicana)
_97810
710 1 _aFundaciõn Friedrich Ebert
_914005
910 _aValidado. Control de calidad MFF
942 _2ddc
_cLBS1
999 _c4629
_d4629